000 00787nmm a2200301 a 4500
003 AR-BaBNM
005 20251128203140.0
008 157019s1965 ||||||||||||||000 | spa||
040 _cAR-BaBNM
245 1 0 _aEl marxismo y la cuestión judia
260 _aBuenos Aires
_bPlus Ultra
_c1965
300 0 _a178 p.
500 0 _aContiene referencias bibliográficas en notas a pie de página
650 4 _aMARXISMO
650 4 _aPOLITICA
650 4 _aJUDIOS
650 4 _aSEMITAS
650 4 _aSISTEMAS CAPITALISTAS
650 4 _aDOCTRINAS POLITICAS
650 4 _aFACTORES DE PRODUCCION
700 1 _aMarx, Karl
700 1 _aLenin, Vladimir Ilich
700 1 _aTrotsky, Leon
700 1 _aLéon, Abraham
700 1 _aJusto, Juan B.
942 _cBK
998 _cSILVI
999 _c2138
_d2138